000 01234nam2a2200265 4500
001 RU\NLR\BIBL_A\022476510
005 20250810080649.0
035 _a(NLR Aleph) 022476510
090 _a13372560
_c13372560
100 _a20250303g1945 m y0rusy50 ca
101 0 _akir
102 _aKG
105 _aab j 000yy
181 0 _ai
_baxxe
182 0 _an
200 1 _aҮчүнчү классы үчүн окуу китеби
203 _aТекст
_bвизуальный
_cнепосредственный
210 _d1945
215 _a129 с.
_cил.
461 0 _1001RU\NLR\BIBL_A\022476469
_12001#$aГеография$eбашталгыч мектеп үчүн окуу китеби$fЛ. Г. Терехова жана В. Г. Эрдели$v1 бѳл.
_1700#1$aТерехова$bЛ.Г.$gЛидия Григорьевна$4070$3RU\NLR\AUTH\7950463
_913464229
_aТерехова, Л. Г.
_cФрунзе
_d1945-
_fЛ. Г. Терехова жана В. Г. Эрдели
_nКыргызмамбас
_oбашталгыч мектеп үчүн окуу китеби
_tГеография
_v1 бѳл.
942 _cBOOK
945 _aРоссийская национальная библиотека
980 _aBV
980 _aNB